书目信息 |
| 题名: |
函数构造论
|
|
| 作者: | и·Ⅱ·纳唐松 著 ;何旭初 译 | |
| 分册: | 中册 | |
| 出版信息: | 北京 科学出版社 1958 |
|
| 页数: | 178页 | |
| 开本: | 20cm | |
| 丛书名: | ||
| 单 册: | ||
| 中图分类: | O174.4 | |
| 科图分类: | ||
| 主题词: | 数学分析 | |
| 电子资源: | ||
| ISBN: | ||
| 000 | 00629nam0 2200205 450 | |
| 001 | 0630424344 | |
| 005 | 20060818150227.95 | |
| 010 | @dCNY1.10 | |
| 100 | @a20060728d1958 km y0chiy0120 ea | |
| 101 | 0 | @achi@crus |
| 102 | @aCN@b110000 | |
| 200 | 1 | @a函数构造论@Ahan shu gou zao lun@h中册@f(苏)и·Ⅱ·纳唐松著@F(su)и·Ⅱ·na tang song zhu@g何旭初等译@Ghe xu chu deng yi |
| 210 | @a北京@c科学出版社@d1958 | |
| 215 | @a178页@d20cm | |
| 606 | 0 | @a数学分析 |
| 690 | @aO174.4@v3 | |
| 701 | 0 | @aи·Ⅱ·纳唐松@Aи·Ⅱ·na tang song@4著 |
| 702 | 0 | @a何旭初@Ahe xu chu@4译 |
| 801 | 0 | @aCN@bPFT@c20060818 |
| 905 | @a10447@dO174.4@e158:2 | |
| 函数构造论.中册/(苏)и·Ⅱ·纳唐松著/何旭初等译.-北京:科学出版社,1958 |
| 178页;20cm |
| ISBN :CNY1.10 |
| ● |
| 相关链接 |
|
|
|
|
正题名:函数构造论
索取号:O174.4/158:2
 
预约/预借
| 序号 | 登录号 | 条形码 | 馆藏地/架位号 | 状态 | 备注 |
| 1 | 0468693 | 204686937 | 密集书库/ [索取号:O174.4/158:2] | 在馆 |